[Event "NOR-chT 2018"]
[Site "Bergen"]
[Date "2018.05.13"]
[Round "6"]
[White "Hagesather, Halvard"]
[Black "Houska, Jovanka"]
[Result "1/2-1/2"]
[WhiteElo "2239"]
[BlackElo "2420"]
[Annotator "TA"]
[PlyCount "27"]
[EventDate "2018.??.??"]
[EventCountry "NOR"]
[SourceTitle "playchess.com"]
[Source "ChessBase"]
[SourceQuality "1"]

{[%evp 9,27,-17,-11,-12,-11,-35,-23,-11,-2,-13,31,33,35,0,108,25,29,40,43,31]} 1. e4 c6 2. d4 d5 3. f3 e6 4. Be3 Qb6 5. Nd2 Nf6 (5... Qxb2 6. Bd3 Qa3 7. Nh3 b6 8. O-O Ba6 9. Nf2 Bb4 10. Rb1 Bxd2 11. Qxd2 Ne7 12. Rb3 Qd6 13. Ng4 Bxd3 14. Rxd3 Qd8 15. Bh6 Rg8 {½-½ (15) Ivanisevic,I (2634)-Parligras,M (2633) Kozloduy 2012}) 6. Bd3 {B12: Caro-Kann: Advance Variation} c5 7. c3 Nc6 {[%cal Rc5d4]} 8. Ne2 {Black has an edge.} cxd4 9. cxd4 e5 $146 {[%cal Re5d4]} ({Predecessor:} 9... Qxb2 10. O-O Be7 11. Nb3 Qa3 12. e5 Nd7 {½-½ (43) Lang,M-Gburek,C Germany 1993}) 10. O-O exd4 11. Nxd4 Nxd4 {[#]} (11... Bc5 $11 12. N2b3 Bxd4 13. Nxd4 dxe4 14. Bxe4 (14. fxe4 Ng4 $17) 14... Nxe4) 12. Qa4+ (12. Nb3 $1 $16) 12... Nd7 $11 {aiming for ...Ne2+!} 13. Bxd4 Bc5 14. Nb3 1/2-1/2

[Event "NOR-chT 2018"]
[Site "Bergen"]
[Date "2018.05.13"]
[Round "6"]
[White "Hammerstad, Asmund"]
[Black "Kaasen, Tor Fredrik"]
[Result "0-1"]
[WhiteElo "2211"]
[BlackElo "2369"]
[Annotator "TA"]
[PlyCount "78"]
[EventDate "2018.??.??"]
[EventCountry "NOR"]
[SourceTitle "playchess.com"]
[Source "ChessBase"]
[SourceQuality "1"]

{[%evp 21,78,0,40,22,31,19,33,22,23,20,40,0,-3,-7,14,15,18,1,14,8,12,11,22,20,45,53,45,3,8,-24,-20,-61,-68,-104,-94,-89,-79,-89,-77,-176,-183,-195,-193,-355,-295,-274,-219,-295,-279,-318,-314,-378,-378,-372,-362,-371,-365,-352,-329]} 1. d4 Nf6 2. c4 g6 3. Nc3 Bg7 4. e4 d6 5. Nf3 O-O 6. Be2 e5 7. O-O Nc6 8. Be3 Ng4 9. Bg5 f6 {[%cal Bf7f6,Bf6f5][%mdl 32]} 10. Bc1 f5 11. dxe5 {E97: King's Indian: Classical Main Line (6...e5 7 0-0 Nc6): 8 Be3 and 8 d5 Ne7, not 9 Ne1} dxe5 {LiveBook: 3 Games} (11... Ngxe5 {with more complications.} 12. exf5 Bxf5 13. Be3 Ng4 14. Bf4 Nge5) (11... fxe4 12. Nxe4 Ngxe5 13. Nxe5 Nxe5 14. Bg5 Qe8 15. Qd2 Bf5 16. Nc3 Qd7 17. Rad1 Rae8 18. Bh6 Kh8 19. Bxg7+ Qxg7 {½-½ (42) Volkov,S (2627)-Iljiushenok,I (2512) Taganrog 2018}) 12. Qxd8 Rxd8 13. Bg5 {White is slightly better.} Rf8 14. h3 Nf6 15. exf5 gxf5 16. Rfd1 $146 ({Predecessor:} 16. Rad1 Be6 17. Nd5 Rf7 18. Rfe1 e4 {0-1 (45) Rukavina,J (2435)-Cernea,R (2064) Condino 2009}) 16... h6 17. Be3 Be6 18. b4 e4 19. Nd4 Nxd4 20. Bxd4 ({Don't play} 20. Rxd4 Nh7 $17) 20... c6 21. b5 Rfd8 22. Rac1 Rd7 23. bxc6 bxc6 24. Be3 Rb8 25. Rxd7 Nxd7 26. Nd1 Ne5 27. Bxa7 Ra8 28. Be3 Rxa2 29. Nc3 Rb2 (29... Ra3 {keeps more tension.} 30. Nb1 Ra1 31. g3 Kh7 32. c5 Kg6) 30. c5 (30. g3 $17) 30... Nd3 $19 31. Bxd3 exd3 {[%cal Be4d3,Bd3d2][%mdl 32]} 32. Nd1 $2 {[#]} (32. Nb1 {was the only chance.}) 32... Rc2 33. Rb1 d2 34. Kh2 Ba2 35. Rb8+ Kh7 {[#] aiming for ...Be5+.} 36. Rd8 Bd5 {Black is winning.} 37. Rd7 {Black should prevent Bd4.} Kg8 38. Rd8+ Kf7 39. Rd7+ Kf8 {Precision: White = 23%, Black = 81%.} 0-1

[Event "NOR-chT 2018"]
[Site "Bergen"]
[Date "2018.05.13"]
[Round "6"]
[White "Sorensen, Simen"]
[Black "Bern, Ivar"]
[Result "0-1"]
[WhiteElo "1853"]
[BlackElo "2308"]
[Annotator "TA"]
[PlyCount "105"]
[EventDate "2018.??.??"]
[EventCountry "NOR"]
[SourceTitle "playchess.com"]
[Source "ChessBase"]
[SourceQuality "1"]

{[%evp 10,105,23,18,25,20,24,5,23,0,0,0,0,0,0,0,0,0,0,-8,-7,-16,-14,-8,-8,-31,-24,-32,-35,-29,-23,-23,-16,-26,-21,-26,-26,-26,-26,-26,-26,-26,-25,-37,-37,-38,-38,-83,-83,-77,-40,-39,-39,-28,-10,-23,-22,-83,-49,-54,-39,-42,-73,-100,-89,-145,-145,-140,-145,-145,-143,-157,-162,-222,-222,-210,-217,-259,-243,-217,-87,-266,-236,-345,-345,-993,-1017,-827,-820,-1278,-1224,-1198,-881,-883,-860,-797,-797,-525]} 1. Nf3 g6 2. d4 Bg7 3. g3 c5 4. c3 cxd4 5. cxd4 d5 6. Nc3 {LiveBook: 19 Games. A40: Unusual replies to 1 d4} Nh6 (6... Nf6 7. Ne5 O-O 8. Bg2 e6 9. Bg5 h6 10. Bf4 Nfd7 11. O-O Nxe5 12. Bxe5 Bxe5 13. dxe5 Nc6 14. Qd2 Kg7 15. f4 b6 16. Nb5 Ba6 17. Nd6 {½-½ (54) Ding,L (2777)-Korobov,A (2652) Huaian 2017}) 7. Bxh6 Bxh6 8. Qb3 {White has an edge.} e6 9. Bg2 O-O 10. O-O Nc6 11. e3 b6 $146 ({Predecessor:} 11... Na5 12. Qc2 b6 13. Rfc1 Ba6 14. b4 Nc4 15. b5 {0-1 (44) Nielsen,K (1890)-Carnstam,T (2062) Helsingor 2011}) 12. Rac1 Bb7 13. Rfe1 Qe7 14. Ne2 Rfc8 15. Nf4 Na5 16. Qd3 Qb4 17. Qd2 Bf8 18. Nd3 Qxd2 19. Nxd2 Ba6 20. Bf1 Bxd3 21. Bxd3 Bb4 22. Rxc8+ Rxc8 23. Rd1 Bxd2 24. Rxd2 $11 {[%mdl 4096] Endgame KRB-KRN} Rc1+ 25. Kg2 Nc4 26. Bxc4 dxc4 {KR-KR} 27. Kf3 Kf8 28. h4 Ke7 29. e4 c3 30. bxc3 Rxc3+ 31. Kf4 f6 32. f3 h6 {[%cal Bh7h6,Bh6g5][%mdl 32]} 33. g4 (33. e5 $11 {remains equal.}) 33... g5+ $17 34. hxg5 hxg5+ 35. Kg3 Ra3 36. Rc2 Kd6 37. Kf2 (37. Re2 $142) 37... b5 {[%cal Bb6b5,Bb5b4][%mdl 32]} 38. Rb2 a6 {[%cal Ba7a6,Ba6a5,Ba5a4,Ba4a3][%mdl 32]} 39. Ke2 Kd7 40. Rc2 b4 41. Rb2 (41. Rd2 $142) 41... a5 $19 42. Rc2 {[#]} Kd6 $1 43. Rb2 Rc3 44. Rd2 Kc6 45. Kf2 $2 (45. Rb2 $17 {only move.}) 45... a4 46. Ke2 (46. d5+ $142 exd5 47. exd5+ Kd6 48. Rd4) 46... a3 47. e5 $2 {[#]} (47. d5+ exd5 48. exd5+ Kd6 49. Kf2) 47... fxe5 {Black is clearly winning.} 48. dxe5 Kb5 49. Ke1 Rxf3 50. Rd8 Re3+ 51. Kd2 Rxe5 52. Rb8+ Kc4 53. Rc8+ {Precision: White = 36%, Black = 87%.} 0-1